Existencia a pôsobenie organizácií tretieho sektora v druhej dekáde dvadsiateho prvého storočia v kontexte konkurencieschopnosti, ekonomického rastu a prežitia firiem

Pohľad na existenciu a pôsobenie organizácií tretieho, mimovládneho sektora, v súčasnom období – v období druhej dekády dvadsiateho prvého storočia v kontexte konkurencieschopnosti, ekonomického rastu a prežitia firiem.

Saved in:
Bibliographic Details
Main Author: Beličková, Kornélia, 1966-
Format: Book Chapter
Language:Slovak
Subjects:
Tags: Add Tag
No Tags, Be the first to tag this record!

MARC

LEADER 00000naa a2200000 4500
001 0249940
005 20240502074012.5
041 0 |a slo 
044 |a SK 
245 1 0 |a Existencia a pôsobenie organizácií tretieho sektora v druhej dekáde dvadsiateho prvého storočia v kontexte konkurencieschopnosti, ekonomického rastu a prežitia firiem  |c Kornélia Beličková 
520 |a Pohľad na existenciu a pôsobenie organizácií tretieho, mimovládneho sektora, v súčasnom období – v období druhej dekády dvadsiateho prvého storočia v kontexte konkurencieschopnosti, ekonomického rastu a prežitia firiem. 
610 2 0 |a sektor terciárny 
610 2 0 |a Slovensko 
610 2 0 |a konkurencieschopnosť 
610 2 0 |a rast hospodársky 
610 2 0 |a podnik 
100 1 |a Beličková, Kornélia, 1966-